01372nas a2200409 4500001001000000003000900010005001700019007000300036008003400039040005400073041000900127072000800136100002100144100002100165100002500186100001700211100001900228100001600247100001800263100001400281100001900295245015600314650001800470650001000488650001300498650001400511650002500525650001200550650002700562650002100589650000900610773010900619909004000728942001800768999001900786952015700805BR0504455BR-BrBNA20231205105635.0ta230509b bl.|||p| |||| 00| 00por d aBR-BrBNAbporcBiblioteca Nacional de Agricultura a(Pt) aL021 aNicodemo, M.L.F.1 aMoraes, S. da S.1 aThiago, L.R.L. de S.1 aCaxias, E.L.1 aMacedo, M.C.M.1 aPires, P.P.1 aMadruga, C.R.1 aVaz, E.C.1 aBarrocas, G.E.1 aMetabolismo ósseo de vacas jovens Nelore em pastos de Brachiaria brizantha suplementadas ou não durante a seca com fósforo/cálcio e concentrado aGADO DE CORTE aDIETA aCÁLCIO aFÓSFORO aSUPLEMENTO ALIMENTAR aPASTEJO aCONCENTRADO PROTÉICO aCAPIM BRACHIARIA aSECA0 tRevista Brasileira de Zootecnia (Brazil)xISSN 1516-3598g(Jan-Feb 2005), v. 34(1) p. 316-326wBR0504455 a202311bLúciac55dLúcia Elande 2AGRISn0cANA c183908d183908 002AGRIS4071a41918b41918cPeriódicos Agrícolash(Jan-Feb 2005), v. 34(1) p. 316-326l0r2023-11-29t01yCRePortaria Interministerial nº 164/94